Fr. Conceicao Rodrigues College of Engineering

Core Java (Record no. 30022)

MARC details
000 -LEADER
fixed length control field 00308nam a2200145Ia 4500
082 ## - DEWEY DECIMAL CLASSIFICATION NUMBER
Classification number 005.133J
Item number COR
100 ## - MAIN ENTRY--PERSONAL NAME
Personal name Cornell/ G./ Horenstmann.C
245 ## - TITLE STATEMENT
Title Core Java
260 ## - PUBLICATION, DISTRIBUTION, ETC.
Name of publisher, distributor, etc. Prentice -Hall
Place of publication, distribution, etc. New york
Date of publication, distribution, etc. 1997
300 ## - PHYSICAL DESCRIPTION
Extent 766
546 ## - LANGUAGE NOTE
Language note ENGLISH
654 ## - SUBJECT ADDED ENTRY--FACETED TOPICAL TERMS
Focus term Computer
942 ## - ADDED ENTRY ELEMENTS (KOHA)
Koha item type BOOK
Holdings
Withdrawn status Lost status Damaged status Not for loan Collection Home library Current library Shelving location Date acquired Total Checkouts Full call number Barcode Date last seen Price effective from Koha item type
        CRC Fr. Agnel's C.Rodrigues College of Engineering Fr. Agnel's C.Rodrigues College of Engineering   17/03/2023   005.133J COR 9481 17/03/2023 17/03/2023 BOOK
        CRC Fr. Agnel's C.Rodrigues College of Engineering Fr. Agnel's C.Rodrigues College of Engineering   17/03/2023   005.133J COR 9482 17/03/2023 17/03/2023 BOOK
        CRC Fr. Agnel's C.Rodrigues College of Engineering Fr. Agnel's C.Rodrigues College of Engineering   17/03/2023   005.133J COR 9483 08/02/2024 17/03/2023 BOOK